Research Methods for Business : (Record no. 35863)
[ view plain ]
| 000 -LEADER | |
|---|---|
| fixed length control field | 00503nam a22001697a 4500 |
| 005 - DATE AND TIME OF LATEST TRANSACTION | |
| control field | 20240606184150.0 |
| 008 - FIXED-LENGTH DATA ELEMENTS--GENERAL INFORMATION | |
| fixed length control field | 240606b |||||||| |||| 00| 0 eng d |
| 082 ## - DEWEY DECIMAL CLASSIFICATION NUMBER | |
| Classification number | 650.072 |
| Item number | UMA-R |
| 100 ## - MAIN ENTRY--AUTHOR | |
| Author Name | Uma Sekaran |
| 245 ## - TITLE STATEMENT | |
| Title | Research Methods for Business : |
| Remainder of title | A skill building Approach / |
| Statement of responsibility, etc. | Uma Sekaran . |
| 250 ## - EDITION STATEMENT | |
| Edition statement | 5th ed. |
| 260 ## - PUBLICATION, DISTRIBUTION, ETC. | |
| Place of Publication | Pakiatsn : |
| Name of publisher, distributor, etc. | National Book foundation ; |
| 300 ## - PHYSICAL DESCRIPTION | |
| Pages | 468 p. |
| 500 ## - GENERAL NOTE | |
| General note | Illustration is given. |
| 650 ## - SUBJECT ADDED ENTRY--TOPICAL TERM | |
| Subject / Department | Business/ Management |
| 300 ## - PHYSICAL DESCRIPTION | |
| -- | 27 cm |
| 952 ## - LOCATION AND ITEM INFORMATION (KOHA) | |
| -- | 0 |
| -- | 0 |
| Lost status | Damaged status | Collection code | Permanent Location | Current Location | Date acquired | Full Call Number | Accession No./Barcode | Date last seen | item type | Koha item type |
|---|---|---|---|---|---|---|---|---|---|---|
| Management | Superior Information Resource Center (SIRC) Superior University- Main Campus | Superior Information Resource Center (SIRC) Superior University- Main Campus | 06/06/2024 | 650.072 UMA-R | 29370 | 06/06/2024 | BOOK | BOOK |
